ბათუმის შოთა რუსთაველის სახელმწიფო უნივერსიტეტის ბიბლიოთეკა

სამოქალაქო საზოგადოება თუ სამოქალაქო ომი? : (ბიბ.ჩანაწერი № 62758)

000 -ლიდერი
ფიქსირებული სიგრძის საკონტროლო ველი 01351nam a22002177a 4500
003 - საკონტროლო ნომრის იდენტიფიკატორი
საკონტროლო ველი Ge_BSU
005 - ბოლო ოპერაციის თარიღი და დრო
საკონტროლო ველი 20250207174202.0
008 - ფიქსირებული სიგრძის მონაცემთა ელემენტები - ზოგადი ინფორმაცია
ფიქსირებული სიგრძის საკონტროლო ველი 250207s2010 ge ||||| |||| 00| 0 geo d
020 ## - წიგნის საერთაშორისო სტანდარტული ნომერი
International Standard Book Number 9789941027444
041 ## - ენის კოდი
Language code of text/sound track or separate title geo
080 ## - უნივერსალური ათობითი კლასიფიკაციის ინდექსი
Universal Decimal Classification number 316.325 : 321.7(479.22) ს-23
245 ## - ცნობა სათაურის შესახებ
Title სამოქალაქო საზოგადოება თუ სამოქალაქო ომი? :
Remainder of title [კრებული მომზადებულია პროექტის "აქტიური საზოგადოება პრაქტიკაში" ფარგლებში] /
Statement of responsibility, etc ფოტო გიორგი ცაგარელი.
264 ## - წარმოების, გამოცემის, დისტრიბუციის და სხვა ცნობები
გამოცემის, წარმოების, დისტრიბუციის... ადგილი თბ. :
გამოცემის, წარმოების, დისტრიბუციის... სახელწოდება ქალთა საინფორმ. ცენტრის გამ-ბა,
გამოცემის, წარმოების, დისტრიბუციის... თარიღი 2010.
300 ## - ფიზიკური აღწერა
Extent 188 გვ. :
Other physical details ფოტ. ;
Dimensions 23 სმ.
500 ## - ზოგადი შენიშვნა
General note პოლონეთიდან საქართველოში დელეგაციის ვიზიტის ანგარიში/
504 ## - BIBLIOGRAPHY, ETC. NOTE
Bibliography, etc ბიბლიოგრ. ტექსტ. შენიშვნ.
653 ## - INDEX TERM--UNCONTROLLED
Uncontrolled term სამოქალაქო საზოგადოება
653 ## - INDEX TERM--UNCONTROLLED
Uncontrolled term დემოკრატია საქართველოში
653 ## - INDEX TERM--UNCONTROLLED
Uncontrolled term სოციალური ცვლილებები
942 ## - ADDED ENTRY ELEMENTS (KOHA)
Source of classification or shelving scheme
Koha item type წიგნი
ეგზემპლარები
ჩამოწერის სტატუსი დაკარგული ეგზემპლარის სტატუსი კლასიფიკაციის წყარო ან თაროზე გაწყობის სქემა დაზიანების სტატუსი არ გაიცემა მუდმივი მდებარეობა (დაცვის ადგილი) ამჟამინდელი ადგილსამყოფელი თაროზე განთავსების ადგილი შეძენის თარიღი ღირებულება, შესყიდვის ნორმალური ფასი სრული შენახვის შიფრი შტრიხკოდი ბოლო ოპერაციის თარიღი ეგზემპლარის მიმდევრობითი ნომერი (კეტერი?) Uniform Resource Identifier ფასის ძალაში შესვლის თარიღი ეგზემპლარის სახეობა საჯარო შენიშვნა
          ბათუმის შოთა რუსთაველის სახელმწიფო უნივერსიტეტის მთავარი ბიბლიოთეკა ბათუმის შოთა რუსთაველის სახელმწიფო უნივერსიტეტის მთავარი ბიბლიოთეკა წიგნსაცავი 2025-02-07 5.00 316.325 : 321.7(479.22) ს-23 70593 2025-02-07 70593 ნაჩუქარი 2025-02-07 წიგნი 5 ლ.